00858nam a2200253 i 4500001000300000003000400003005001700007008003900024015001700063040001400080080001000094080001000104080001200114100004200126245007500168250002500243260005600268300004700324504001400371655003000385650003600415700005600451856009700507bgBPK20220905095254.0081120s1959 pl a f f |000 0 pol aPB 1959/4812 aWA NcBPK a620.1 a539.4 a(075.8)1 aKurowski, Rajnoldd(1889-1953)eAutor10aWytrzymałość materiałów /cR. Kurowski, M. E. Niezgodziński. aWyd. 4 popr. i uzup. aWarszawa :bPaństwowe Wydawnictwo Naukowe,c1959. a503, [2] s., [1] k. tabl. :bil. ;c25 cm. aBibliogr. 4aPodręczniki akademickie 4aWytrzymałość materiałów1 aNiezgodziński, Michał Edwardd(1919-2010)eAutor uhttp://koha.tu.koszalin.pl/cgi-bin/koha/opac-detail.pl?biblionumber=4865yKatalog online BPK